000 00653nam a2200229 a 4500
001 13780
003 BD-JhCC
005 20240321143912.0
008 240321b2018 bg a|||| ||a| 000 0 Ben d
020 _a984701207761
035 _a(BD-JhCC)13780
040 _aBD-JhCC
_dBD-JhCC
041 _aBengali
082 _a581.03
_bFAR 2018
100 _a ফরিদ,জায়েদ
245 _aউদ্ভিদবিচিত্রা /
_cজায়েদ ফরিদ।
260 _aঢাকা:
_bকথাপ্রকাশ;
_c2018.
300 _a183 p. :
_c26 cm.
650 _aEnvironment and Nature
942 _2ddc
_cBK
999 _c13780
_d13780